000 01709 a2200253 4500
001 45834
005 20260407155730.0
008 260407a2012 arg spa d
003 AR-UNSa-BCEJYS
040 _aAR-UNSa-BCEJYS
_bspa
_cAR-UNSa-BCEJYS
080 _a316.356.2
_xGrupos consanguíneos. Familia. Sociología de la familia
245 1 0 _aLas lógicas del cuidado infantil
_pentre las familias, el estado y el mercado
020 _a978-987-21625-1-1
264 1 _aBuenos Aires :
_bIDES
_c2012
300 _a260 p.
_c23 cm.
505 _a1. Hacia la conceptualización del cuidado: familia, mercado y estado / Valeria Esquivel, Eleonor Faur y Elizabeth Jelin – 2. La familia en Argentina: Trayectorias históricas y realidades contemporáneas / Elizabeth Jelin – 3. El cuidado infantil en las familias. Un análisis en base a la Encuesta de Uso del Tiempo de la Ciudad de Buenos Aires / Elizabeth Jelin – 4. El cuidado infantil desde las perspectivas de las mujeres-madres. Un estudio en dos barrios populares en el Área Metropolitana de Buenos Aires / Eleonor Faur – 5. La regulación laboral de las trabajadoras domésticas en Argentina: situación actual y perspectivas / Francisca Pereyra – 6. Un puente entre los gestos y la imagen. Notas metodológicas sobre el trabajo de campo con fotografías / Matías Bruno – 7. Coreografías del cuidado : ensayo fotográfico / Sobre las autoras y el autor.
041 _aspa
942 _cBK
590 _aniveau_biblio:m niveau_hierar:0
100 1 _aFaur, Eleonor
700 1 _aEsquivel, Valeria
700 1 _aJelin, Elizabeth
856 4 1 _uhttps://www.biblioeco.unsa.edu.ar/pmb/images/libros/L127199.jpg
_yImagen de portada
_qimage/jpeg
999 _c4016
_d4016